| 000 | 00729nam a22002057a 4500 | ||
|---|---|---|---|
| 999 |
_c7566 _d7566 |
||
| 001 | 21205 | ||
| 003 | BD-DhUAP | ||
| 005 | 20210124124028.0 | ||
| 008 | 200220s2009 bg |||| |||| 000 0 ben d | ||
| 020 | _a9789843407092 | ||
| 040 |
_aBD-DhUAP _bBen _cBD-DhUAP _dBD-DhUAP |
||
| 082 |
_223 _a338.5492 KLI |
||
| 100 | _aক্লিং, ব্লেয়ার বি.। | ||
| 245 |
_aপার্টনার ইন এম্পায়ার / _cব্লেয়ার বি. ক্লিং। |
||
| 260 |
_aঢাকা : _bবণিক বার্তা _cc২০১৬। |
||
| 300 |
_a১৫২পৃষ্ঠা ; _c২১ সেমি. |
||
| 650 | _aEconomic history. | ||
| 650 | _aEntrepreneurship. | ||
| 942 |
_2ddc _cBK |
||